| 000 | 00558nam a2200205Ia 4500 | ||
|---|---|---|---|
| 003 | OSt | ||
| 005 | 20250917182554.0 | ||
| 008 | 210423s1990 xx 000 0 und d | ||
| 040 | _cAL | ||
| 041 | _aEnglish | ||
| 082 |
_a305.4 _bMITW |
||
| 100 |
_aJoyati Mitra _9104792 |
||
| 245 |
_aWomen and society _b:equality and empowerment |
||
| 260 |
_aNew Delhi _bOxford University Press _c1990 |
||
| 365 |
_b400 _cINR |
||
| 650 |
_aSociology _9104793 |
||
| 650 |
_aWomen Studies _9104794 |
||
| 906 | _aempowerment ; society:equality ; Women | ||
| 942 |
_2ddc _cBK |
||
| 999 |
_c172144 _d172144 |
||